| Поле | Название | Значение |
| |
Тип записи |
a |
| |
Библиографический уровень |
c |
| 001 |
Контрольный номер |
RU/SLIB/B/208743058 |
| 005 |
Дата корректировки |
20201206204102.8 |
| 010 |
Индекс ISBN |
__ |
| a |
ISBN |
5-7510-0196-6 |
| d |
Цена |
72-30 |
| 101 |
Язык документа |
0_ |
| a |
Язык текста |
rus |
| c |
Язык оригинала |
rus |
| 200 |
Заглавие и сведения об ответственности |
0_ |
| a |
Заглавие |
Кавказ в сердце России |
| f |
Первые сведения об ответственности |
сост.: В. И. Десятерик, В. В. Деменьтев ; предисл. С. В. Ястржембского |
| b |
Общее обозначение материала |
Текст |
| 210 |
Выходные данные |
__ |
| a |
Место издания |
М. |
| c |
Издательство |
Пашков Дом |
| c |
Издательство |
Фонд им. И. Д. Сытина |
| d |
Дата издания |
2000 |
| 215 |
Физическое описание |
__ |
| a |
Объем |
336 с. |
| c |
Иллюстрации/тип воспроизводства |
ил. |
| 330 |
Аннотация |
__ |
| a |
Аннотация |
В книге отражена объективная картина развития межнациональных связей, а также взаимоотношения народов Кавказа и России в исторических документах, свидетельствах очевидцев и отрывках из произведений русских писателей. |
| 600 |
Персоналии |
__ |
| a |
Персоналии (Фамилия) |
Пушкин, А. С. |
| 600 |
Персоналии |
__ |
| a |
Персоналии (Фамилия) |
Лермонтов, М. Ю. |
| 600 |
Персоналии |
__ |
| a |
Персоналии (Фамилия) |
Белинский, В. Г. |
| 600 |
Персоналии |
__ |
| a |
Персоналии (Фамилия) |
Бестужев, М. А. |
| 600 |
Персоналии |
__ |
| a |
Персоналии (Фамилия) |
Толстой, Л. Н. |
| 600 |
Персоналии |
__ |
| a |
Персоналии (Фамилия) |
Свиридов, Г. В. |
| c |
Дополнение к имени |
композитор советский |
| f |
Даты |
1915-1998 |
| g |
Полное имя |
Георгий Васильевич |
| 600 |
Персоналии |
__ |
| a |
Персоналии (Фамилия) |
Жуковский, В. А. |
| 600 |
Персоналии |
__ |
| a |
Персоналии (Фамилия) |
Ермолов, А. П. |
| 600 |
Персоналии |
__ |
| a |
Персоналии (Фамилия) |
Воронцов, М. |
| 600 |
Персоналии |
__ |
| a |
Персоналии (Фамилия) |
Шамиль |
| 600 |
Персоналии |
__ |
| a |
Персоналии (Фамилия) |
Михаил Федорович |
| c |
Дополнение к имени |
царь |
| f |
Даты |
1596-1645 |
| 600 |
Персоналии |
__ |
| a |
Персоналии (Фамилия) |
Романовы |
| 606 |
Тематические рубрики |
__ |
| a |
Основная рубрика |
История |
| z |
Хронологическая подрубрика |
19 в.; 20 в. |
| y |
Географическая подрубрика |
Северный Кавказ; Россия; Чечня; Ингушетия; Дагестан |
| 606 |
Тематические рубрики |
__ |
| a |
Основная рубрика |
История России в целом |
| 610 |
Ключевые слова |
__ |
| a |
Ключевые слова |
племена; народы; обычаи; уклады; работорговля; армия; крепостничество; писатели; персоналии |
| 686 |
Индексы других классификаций |
__ |
| a |
Классификационный индекс |
63.3(235.7) |
| 702 |
Вторичная интеллектуальная ответственность |
_1 |
| a |
Фамилия |
Десятерик |
| b |
Имя |
В. И. |
| 4 |
Код отношения |
Составитель |
| 702 |
Вторичная интеллектуальная ответственность |
_1 |
| a |
Фамилия |
Деменьтев |
| b |
Имя |
В. В. |
| 4 |
Код отношения |
Составитель |
| 702 |
Вторичная интеллектуальная ответственность |
_1 |
| a |
Фамилия |
Ястржембский |
| b |
Имя |
С. В. |
| 4 |
Код отношения |
Предисловие |
| 801 |
Источник записи |
_0 |
| a |
Страна |
RU |
| b |
Организация |
Муниципальное бюджетное учреждение культуры "Централизованная библиотечная система" г. Сургут (Центральная городская библиотека им. А. С. Пушкина) |
| g |
Правила каталогизации |
КиК/Тесленко |
| 801 |
Источник записи |
_1 |
| a |
Страна |
RU |
| b |
Организация |
Муниципальное бюджетное учреждение культуры "Централизованная библиотечная система" г. Сургут (Центральная городская библиотека им. А. С. Пушкина) |
| g |
Правила каталогизации |
КиК/Тесленко |
| 852 |
Данные о местонахождении |
__ |
| j |
Шифр хранения |
63.3(235.7) |
| c |
Каталожный индекс |
63.3(235.7) |
| i |
Авторский знак |
К 12 |
| 901 |
Тип документа |
1_ |
| t |
Тип документа |
x |
| 903 |
Характеристики (МАРС) |
__ |
| a |
Дата передачи |
20030616 |
| 969 |
Тип издания |
__ |
| a |
Тип издания |
сборник |
| 990 |
Данные о заказе (DOS) |
__ |
| j |
Количество экземпляров (DOS) |
3 |
| t |
N записи в КСУ для И/У (DOS) |
200306 |